| 000 | 01802cam a22003855i 4500 | ||
|---|---|---|---|
| 999 |
_c18696 _d18668 |
||
| 001 | 14441248 | ||
| 003 | EG-ScBUE | ||
| 005 | 20201125063857.0 | ||
| 008 | 060707r20132007enkako f b f001 0 eng d | ||
| 020 | _a0521613019 (Student's book) | ||
| 020 | _a9780521613019 (Student's book) | ||
| 020 | _a9780521613026 (Teacher's manual) | ||
| 040 |
_aDLC _beng _erda _cDLC _dYDX _dBAKER _dYDXCP _dDLC _dEG-ScBUE |
||
| 082 | 0 | 4 |
_a808.042 _bSPA _222 |
| 100 | 1 |
_aSpack, Ruth, _eauthor. _936737 |
|
| 245 | 1 | 0 |
_aGuidelines : _ba cross-cultural reading / writing text / _cRuth Spack. |
| 250 | _aThird edition. | ||
| 250 | _aNinth printing. | ||
| 264 | 1 |
_aCambridge ; _aNew York : _bCambridge University Press, _c2013. |
|
| 300 |
_axvi, 336 pages : _bforms, photographs, tables ; _c26 cm. + _e1 Teacher's manual |
||
| 336 |
_atext _btxt _2rdacontent |
||
| 337 |
_aunmediated _bn _2rdamedia |
||
| 338 |
_avolume _bnc _2rdacarrier |
||
| 490 | 0 | _aCambridge academic writing | |
| 500 | _aReprint of the 2007 ed. | ||
| 504 | _aIncludes bibliographical references and index. | ||
| 520 | _a"Guidelines is a classic reading/writing text that teaches academic essay and research writing. The book contains stimulating cross-cultural readings that provide source materials for critical thinking and writing. The book concludes with a hundred-page handbook that contains information on how to document sources and how to draft, review, revise, and edit."--Publisher description. | ||
| 650 | 7 |
_aEnglish language _xRhetoric. _2BUEsh _930923 |
|
| 650 | 7 |
_aCultural pluralism _vProblems, exercises, etc. _2BUEsh _936738 |
|
| 650 | 7 |
_aReport writing _vProblems, exercises, etc. _97241 _2BUEsh |
|
| 650 | 7 |
_aMulticultural education. _2BUEsh _97800 |
|
| 651 | _2BUEsh | ||
| 653 |
_bBUSADM _bHHUUEENN _cDecember2014 |
||
| 942 |
_2ddc _cBB |
||